| 000 | 00695nam a2200277Ia 4500 | ||
|---|---|---|---|
| 008 | 181129s9999 xx 000 0 und d | ||
| 020 | _a9780439318310 | ||
| 050 | _bH551 2002 | ||
| 100 | _aHerman, Gail | ||
| 245 | 0 | _aSea monster scare! / | |
| 245 | 0 | _cby Gail Herman ; illustrated by Duendes del Sur. | |
| 260 | _aNew York, NY : | ||
| 260 | _bScholastic, | ||
| 260 | _c2002 | ||
| 300 | _a32 pages : | ||
| 300 | _bcolor illustrations ; | ||
| 300 | _c22cm. | ||
| 440 | _aScooby-doo! Readers. | ||
| 500 | _a480L | ||
| 650 | _aDogs. | ||
| 650 | _aReaders (Elementary). | ||
| 650 | _aSea monsters. | ||
| 650 | _aSeashore. | ||
| 700 | _adel Sur, Duendes. | ||
| 700 | _aTitle. | ||
| 999 |
_c359867 _d359867 |
||